Padre Pio Da Pietralcina Vol. 3

-д хадгалсан:
Номзүйн дэлгэрэнгүй
Үндсэн зохиолч: Alessandro da Ripabottoni
Формат: Ном
Хэл сонгох:Тодорхойгүй
Хэвлэсэн: Edisud-Bari
Шошгууд: Шошго нэмэх
Шошго байхгүй, Энэхүү баримтыг шошголох эхний хүн болох!

MARC

LEADER 00000nam a2200000Ia 4500
001 R-3
003 CODICE-MESSINA
005 20260212102445.0
008 260211s9999 xx 000 0 und d
040 |c importazione_messina 
100 |a Alessandro da Ripabottoni 
245 0 |a Padre Pio Da Pietralcina Vol. 3 
260 |b Edisud-Bari 
942 |2 ddc  |c BK 
952 |0 0  |1 0  |2 ddc  |4 0  |6 SCAFFALE_1_000000000000000__RELIGIONE  |7 0  |9 30814  |a ME  |b ME  |d 2026-02-11  |l 0  |o SCAFFALE 1 - RELIGIONE  |p R-3  |r 2026-02-11 23:52:09  |w 2026-02-11  |x [REVISIONARE]  |y BK 
999 |c 26481  |d 26481